000 00621cam a22002293a 4500
001 16053
003 PGUSA
005 20140828083337.0
008 050613s2005||||xxu|||||s|||||000 1 eng d
040 _aPGUSA
_beng
042 _adc
050 4 _aPR
100 1 _aDuchess,
_d-1897
245 1 4 _aThe Haunted Chamber :
_bA Novel
_h[electronic resource] /
_cDuchess
260 _bProject Gutenberg,
_c2005
506 _aPublic domain in the USA.
516 _aElectronic text
653 _aFantasy fiction, Irish
830 0 _aProject Gutenberg
_v16053
856 4 0 _uhttp://www.gutenberg.org/ebooks/16053
942 _cEB
999 _c245308
_d245308